Letra de Sweater Weather - The Neighbourhood - Statistics

Estatísticas Gerais
  • Esse quiz foi jogado 47 vezes
  • A pontuação média é 194 de 288
Estatísticas das Respostas
Resposta % Correto
I
100%
my
100%
sweater
100%
the
100%
The
100%
a
97%
beach
95%
California
95%
hand
95%
In
95%
in
95%
Is
95%
is
95%
an
92%
But
92%
but
92%
hands
92%
hate
92%
man
92%
world
92%
to
90%
To
90%
You
90%
you
90%
am
87%
love
87%
on
87%
want
87%
your
87%
And
85%
and
85%
let
85%
no
85%
All
82%
one
82%
stand
82%
Touch
82%
touch
82%
with
82%
sand
79%
cold
77%
it
77%
me
77%
neck
77%
now
77%
of
77%
too
77%
two
77%
yours
77%
For
74%
for
74%
house
74%
it's
74%
It's
74%
then
74%
about
72%
here
72%
I'll
72%
think
72%
toes
72%
adventure
69%
blouse
69%
Head
69%
mouths
69%
shirt
69%
us
69%
'Cause
67%
'cause
67%
hold
67%
So
67%
so
67%
little
64%
what
62%
clouds
59%
have
59%
Just
59%
just
59%
holes
54%
shorts
54%
those
54%
knows
51%
Let's
51%
out
51%
high
49%
She
49%
away
46%
oh
46%
Both
44%
Use
44%
waist
44%
centered
41%
say
41%
find
38%
gravity's
38%
sleeves
38%
take
38%
breath
36%
not
36%
Put
36%
that
36%
far
33%
if
33%
this
33%
Nothing
31%
taste
31%
face
28%
mind
28%
place
28%
wanna
28%
much
26%
tell
26%
yeah
26%
don't
23%
hearts
23%
move
23%
Everyone
21%
Inside
21%
may
21%
silence
21%
Sometimes
21%
starts
21%
there
21%
watch
21%
adore
18%
down
18%
guides
18%
meets
18%
minute
18%
warm
18%
wouldn't
18%
Coming
15%
finger
15%
left
15%
Outside
15%
raise
15%
tongue
15%
goosebumps
13%
pour
13%
These
13%
other
10%
our
10%
beats
8%
hardest
8%
minds
8%
ooh
5%
waistled
3%
Nenhum quiz correspondente encontrado
Distribuição das Pontuações
Porcentagem de Pessoas com Cada Pontuação
Percentil de Números Respondidos
Sua Pontuação Histórica
Você não jogou esse quiz